[Event "NRW-Liga 9798"]
[Site "Germany"]
[Date "1998.??.??"]
[Round "5"]
[White "Werbeck, Torsten"]
[Black "Waechtler, Frank"]
[Result "1-0"]
[WhiteElo "2265"]
[BlackElo "2235"]

1.d4 Nf6 2.c4 e6 3.Nf3 Bb4+ 4.Bd2 c5 5.g3 b6 6.Bg2 Bb7 7.d5 exd5 8.Nh4 Bxd2+
9.Qxd2 Ne4 10.Qc2 Qf6 11.O-O g5 12.cxd5 Nd6 13.Nf3 Na6 14.e4 h6 15.Nc3 O-O-O
16.e5 Qf5 17.Qe2 Ne8 18.Nd2 Nb4 19.a3 Ba6 20.Nc4 Qd3 21.axb4 Qxe2 22.Nxe2 Bxc4
23.Rxa7 d6 24.Bh3+ Kb8 25.Rfa1 Bxd5 26.Nc3 Bb7 27.Bg2 Bxg2 28.Kxg2 Nc7 29.exd6 Rxd6
30.bxc5 bxc5 31.Nb5 Nxb5 32.Ra8+ Kb7 33.Rxh8 Rd2 34.Rxh6 Rxb2 35.Re1 Nc7
36.Rf6 c4 37.Re7 Rb6 38.Rxb6+ Kxb6 39.h4 gxh4 40.gxh4 Ne6 41.Kf1 Nd4 42.h5  1-0

[Event "BL2-N9798"]
[Site "Germany"]
[Date "1998.??.??"]
[Round "7.6"]
[White "Wiedersich, Jens"]
[Black "Beckemeier, Werner"]
[Result "1/2-1/2"]
[WhiteElo "2150"]
[BlackElo "2365"]

1.d4 Nf6 2.c4 e6 3.Nf3 Bb4+ 4.Bd2 Qe7 5.g3 Nc6 6.Nc3 d6 7.Bg2 O-O 8.O-O Bxc3
9.Bxc3 Ne4 10.Rc1 e5 11.Re1 f5 12.dxe5 dxe5 13.Qc2 Qc5 14.e3 a5 15.b3 Nb4
16.Qe2 Nxc3 17.Rxc3 e4 18.Nd4 Bd7 19.Rd1 Qe5 20.c5 Rad8 21.f4 exf3 22.Bxf3 Bc6
23.Bxc6 Nxc6 24.Qc4+ Kh8 25.Rcd3 Nxd4 26.exd4 Qe2 27.Qc3 Rd5 28.Qe1 Re8 29.Qxe2 Rxe2
30.R1d2 Re4 31.Kf2 Kg8 32.h4 Kf7 33.Rd1 c6 34.Kf3 Kf6 35.Kf2 g6 36.Kf3 h6
37.Kf2 g5 38.hxg5+ hxg5 39.Kf3 g4+ 40.Kf2 Kg5 41.R3d2 f4 42.gxf4+ Kxf4 43.Rd3 Rh5
44.Rf1 Kg5 45.d5 Rh2+ 46.Kg1 Ree2 47.Rf8 Reg2+ 48.Kf1 Rxa2 49.Kg1 Rhg2+ 50.Kh1 Rgc2
51.Rd1 cxd5 52.Rxd5+ Kg6 53.Rg8+ Kf6 54.Rxg4 Rh2+ 55.Kg1 Rhb2 56.Rf4+ Ke6
57.Rd6+ Ke5 58.Rf8 Ra1+ 59.Rf1 Rxf1+ 60.Kxf1 Rxb3 61.Ke2 a4 62.Rd8 Rb5 63.Ra8 Rxc5
64.Rxa4 Rd5 65.Rc4 Kd6 66.Rc8 Rc5 67.Rh8 Rd5 68.Rc8 Rc5 69.Rh8 Rd5 70.Rc8 b6
71.Ke3 Rc5 72.Rh8 Kc6 73.Kd3 Kb5 74.Rh1 Rc6 75.Rb1+ Ka4 76.Ra1+ Kb3 77.Rb1+ Ka3
78.Kd4 Ka4 79.Kd5 Rh6 80.Ra1+ Kb3 81.Rb1+ Kc3 82.Rb5 Rg6 83.Rb1  1/2-1/2

[Event "BL2-N9798"]
[Site "Germany"]
[Date "1998.??.??"]
[Round "7.2"]
[White "Polak, Tomas"]
[Black "Buhr, Carl Christian"]
[Result "1/2-1/2"]
[WhiteElo "2470"]
[BlackElo "2340"]

1.d4 Nf6 2.c4 e6 3.Nf3 Bb4+ 4.Bd2 Qe7 5.g3 Nc6 6.Nc3 d5 7.cxd5 exd5 8.Bg2 O-O
9.O-O Bg4 10.Bf4 Rad8 11.h3 Bf5 12.Na4 Bd6 13.Bxd6 Rxd6 14.Nc5 Rb8 15.Nh4 Bd7
16.Qd3 b6 17.Na4 Ne4 18.Nc3 Nb4 19.Qd1 c5 20.a3 Nxc3 21.bxc3 Nc6 22.e3 g6
23.Re1 Be6 24.Qa4 Qd7 25.dxc5 bxc5 26.Qf4 Rd8 27.Kh2 Qe7 28.Nf3 f6 29.g4 Bf7
30.g5 Ne5 31.gxf6 Nxf3+ 32.Qxf3 Qe5+ 33.Qg3 Qxc3 34.Rac1 Qxa3 35.e4 Qxg3+
36.Kxg3 dxe4 37.Rxc5 Rxf6 38.Bxe4 Rd2 39.f3 Kg7 40.Ra1 a6 41.h4 Rfd6 42.Raa5 Rb6
43.Rc6 Rxc6 44.Bxc6 Rd6  1/2-1/2

[Event "BL2-O9798"]
[Site "Germany"]
[Date "1998.??.??"]
[Round "8.7"]
[White "Richter, Sergio"]
[Black "Kaeppel, Roland"]
[Result "1/2-1/2"]
[WhiteElo "2250"]
[BlackElo "2140"]

1.d4 Nf6 2.Nf3 e6 3.c4 Bb4+ 4.Bd2 Qe7 5.Nc3 b6 6.g3 Bb7 7.Bg2 O-O 8.O-O c5
9.Rc1 cxd4 10.Nb5 Bxd2 11.Qxd2 Nc6 12.Nfxd4 a6 13.Nc3 Rab8  1/2-1/2

[Event "BL2-N9798"]
[Site "Germany"]
[Date "1998.??.??"]
[Round "9.1"]
[White "Hegeler, Frank"]
[Black "Gipslis, Aivars"]
[Result "1/2-1/2"]
[WhiteElo "2330"]
[BlackElo "2465"]

1.d4 Nf6 2.c4 e6 3.Nf3 Bb4+ 4.Bd2 Qe7 5.g3 Nc6 6.Nc3 Bxc3 7.Bxc3 Ne4 8.Qc2 Nxc3
9.Qxc3 O-O 10.Bg2 d6 11.d5 Nb8 12.dxe6 fxe6 13.Nd4 Na6 14.O-O e5 15.Nc2 c6
16.b4 Bd7 17.Ne3 Nc7 18.Rad1 a5 19.a3 Kh8 20.Qd2 Rf6 21.b5  1/2-1/2

[Event "Aeskulap op15"]
[Site "Goerlitz"]
[Date "1998.??.??"]
[Round "2"]
[White "Ulms, Sandra"]
[Black "Ksieski, Zbigniew"]
[Result "1/2-1/2"]
[WhiteElo "2100"]
[BlackElo "2410"]

1.d4 Nf6 2.c4 e6 3.Nf3 Bb4+ 4.Bd2 a5 5.Qc2 d6 6.e3 Bxd2+ 7.Nfxd2 e5 8.dxe5 dxe5
9.Nc3 O-O 10.Be2 Nc6 11.Rd1 Qe7 12.O-O Be6 13.a3 Rad8 14.Bf3 Qc5 15.Na4 Qa7
16.Bxc6 bxc6 17.b4 Bg4 18.Rde1 axb4 19.axb4 Rb8 20.Rb1 Bh5 21.Nc5 Bg6 22.e4 Rxb4
23.Rxb4 Qxc5 24.Rb3 h6 25.h3 Kh7 26.Re1 Nh5 27.Rf3 Nf4 28.Nb3 Qe7 29.Kh2 c5
30.Ra1 Rd8 31.Re3 Ne6 32.f3 Qg5 33.Qf2 Qf4+ 34.g3 Qf6 35.Ra5 Nd4 36.Rxc5 Qb6
37.Rxe5 Nxb3 38.Rb5 Rd2 39.Rxb6 Rxf2+ 40.Kg1 cxb6 41.Kxf2 Nc5 42.Ra3 f5 43.e5 Bf7
44.Rc3 Kg8 45.Ke3 Be8 46.Rc2 Kf7 47.Rb2 Na4 48.Rb1 Ke6 49.f4 Kd7 50.Rd1+ Ke7
51.Rb1 Bd7 52.Rb4 b5 53.cxb5 Nc3 54.Kd4 Nxb5+ 55.Kc5 Nc7 56.Rb7 Ne6+ 57.Kd5 g5
58.Rb4 h5 59.h4 gxh4 60.gxh4 Nf8 61.Rb6 Be6+ 62.Kc6 Bf7 63.Rb7+ Ke6 64.Kc5 Ng6
65.Rb6+ Ke7 66.Rf6 Nxf4 67.Rxf5 Ng2 68.Kd4 Nxh4 69.Rf2 Ng6 70.Ke4 Be6 71.Rf6 Nf8
72.Kf4 Bg4 73.Rh6 Ne6+ 74.Kg3 Nd4 75.Rg6 Bd1 76.Kh4 Nf3+ 77.Kxh5 Nxe5+ 78.Kg5 Nf7+
79.Kf4  1/2-1/2

[Event "Aeskulap op15"]
[Site "Goerlitz"]
[Date "1998.??.??"]
[Round "6"]
[White "Bielicki, Birke"]
[Black "Hiebel, Johannes"]
[Result "1-0"]
[WhiteElo "2180"]
[BlackElo "2295"]

1.d4 Nf6 2.c4 e6 3.Nf3 Bb4+ 4.Bd2 Be7 5.Nc3 d5 6.Bg5 h6 7.Bh4 Nbd7 8.e3 O-O
9.Rc1 c6 10.Qc2 Re8 11.Bd3 Bd6 12.O-O dxc4 13.Bxc4 e5 14.Ne4 Be7 15.Bxf6 Bxf6
16.Nd6 Re7 17.Nf5 Re8 18.Nxh6+ Kf8 19.Nxf7  1-0

[Event "Aeskulap op15"]
[Site "Goerlitz"]
[Date "1998.??.??"]
[Round "7"]
[White "Klemm, Dietmar"]
[Black "Ksieski, Zbigniew"]
[Result "1/2-1/2"]
[WhiteElo "2190"]
[BlackElo "2410"]

1.d4 Nf6 2.Nf3 e6 3.c4 Bb4+ 4.Bd2 a5 5.a3 Bxd2+ 6.Nfxd2 Nc6 7.e3 e5 8.d5 Ne7
9.Nc3 d6 10.Bd3 c6 11.Nde4 Nxe4 12.Bxe4 f5 13.Bc2 O-O 14.Qd2 cxd5 15.Nxd5 Be6
16.O-O Bxd5 17.cxd5 f4 18.Be4 Qb6 19.Rac1 g6 20.Rc3 a4 21.Rc4 Ra5 22.exf4 Rxf4
23.g3 Rf8 24.Rfc1 Kg7  1/2-1/2

[Event "NZD-ch105"]
[Site "Hamilton"]
[Date "1998.??.??"]
[Round "6.6"]
[White "Guthrie, David"]
[Black "Barlow, Matthew"]
[Result "1/2-1/2"]
[WhiteElo "2125"]
[BlackElo "2170"]

1.d4 Nf6 2.c4 e6 3.Nf3 Bb4+ 4.Bd2 Qe7 5.g3 O-O 6.Nc3 Bxc3 7.Bxc3 Ne4 8.Rc1 Nxc3
9.Rxc3 d6 10.Bg2 e5 11.O-O Nc6 12.d5 Nb8 13.Qc2 b6 14.b4 Nd7 15.e4 Bb7 16.Rc1 a5
17.a3 axb4 18.axb4 g6 19.Bh3 Bc8 20.Nd2 Nf6 21.Bxc8 Rfxc8 22.c5 bxc5 23.bxc5 Rd8
24.Kg2 Nh5 25.Nf3 Ng7 26.cxd6 cxd6 27.Rc7 Rd7 28.h4 Rad8 29.Qc6 Rxc7 30.Qxc7 Rd7
31.Qb8+ Rd8 32.Qb6 Ne8 33.Ra1 Qc7 34.Qe3 Qe7 35.Ra7 Rd7 36.Ra8 Rd8 37.Ra7 Rd7
38.Ra8 Rd8 39.Ra7  1/2-1/2

[Event "Helsinki op1"]
[Site "Helsinki"]
[Date "1998.??.??"]
[Round "4"]
[White "Tsiganova, Monika"]
[Black "Jouhki, Yrjo Markus"]
[Result "0-1"]
[WhiteElo "2305"]
[BlackElo "2280"]

1.d4 Nf6 2.c4 e6 3.Nf3 Bb4+ 4.Bd2 Qe7 5.g3 Nc6 6.a3 Bxd2+ 7.Qxd2 d5 8.Nc3 dxc4
9.e4 e5 10.d5 Bg4 11.Bg2 Bxf3 12.Bxf3 Nd4 13.Bd1 Nd7 14.O-O Nc5 15.Rb1 O-O
16.f4 b5 17.f5 f6 18.Bf3 a5 19.Rbe1 b4 20.axb4 axb4 21.Nd1 Nd3 22.Re3 Ra2
23.Be2 Nxe2+ 24.Qxe2 Qc5 25.Kh1 Rfa8 26.Rxd3 cxd3 27.Qxd3 Ra1 28.Kg2 Qd4
29.Qxd4 exd4 30.Nf2 Rxf1 31.Kxf1 Kf8 32.Ke2 Ra2 33.Nd3 Ke7 34.g4 b3 35.h4 Kd6
36.g5 Ra1 37.h5 Rg1 38.g6 h6 39.Nf4 Ke5 40.Ne6 Kxe4 41.Nxc7 d3+  0-1

[Event "Hlohovec op"]
[Site "Hlohovec"]
[Date "1998.??.??"]
[Round "9"]
[White "Tibensky, Robert"]
[Black "Lehocky, Viktor"]
[Result "1-0"]
[WhiteElo "2435"]
[BlackElo "2065"]

1.d4 Nf6 2.c4 e6 3.Nf3 Bb4+ 4.Bd2 c5 5.Bxb4 cxb4 6.g3 O-O 7.Bg2 d6 8.O-O Re8
9.a3 Qb6 10.axb4 Qxb4 11.Na3 Na6 12.Ne1 Qb6 13.c5 Qd8 14.cxd6 Qxd6 15.Nc4 Qc7
16.Qb3 Nd5 17.Nd3 Qd8 18.Rfc1 Re7 19.Qa3 Nac7 20.Nd6 a6 21.e4 Nb6 22.Ne5 Ne8
23.Nxe8 Rxe8 24.Qb4 a5 25.Qc3 f6 26.Nd3 Kh8 27.h4 Nd7 28.e5 fxe5 29.dxe5 Nf8
30.Nf4 Ra7 31.Qc7 Ra6 32.Qxc8 Qxc8 33.Rxc8 Rxc8 34.Bxb7 Rca8 35.Bxa6 Rxa6
36.Ra4 Rb6 37.Rxa5 Kg8 38.Ra8 Kf7 39.Ra7+  1-0

[Event "HUN-chT29899"]
[Site "HUN"]
[Date "1998.??.??"]
[Round "?"]
[White "Kiss, Tibor"]
[Black "Kormos, Lajos"]
[Result "0-1"]
[WhiteElo "2035"]
[BlackElo "2175"]

1.d4 Nf6 2.Nf3 e6 3.c4 Bb4+ 4.Bd2 Qe7 5.Nc3 b6 6.e3 Bb7 7.Be2 O-O 8.O-O Bxc3
9.Bxc3 Ne4 10.Qc2 f5 11.b3 Nxc3 12.Qxc3 d6 13.Rad1 Nd7 14.Rfe1 Nf6 15.Nd2 Ne4
16.Nxe4 fxe4 17.Bf1 Qg5 18.d5 Rf6 19.Qd4 Qf5 20.Rd2 e5 21.Qb2 Raf8 22.Qc2 Bc8
23.g3 Qg6 24.Bg2 Bf5 25.Qb2 Bg4 26.Rc1 Bf3 27.b4 Qh5 28.h4 Rh6 29.Qc2 g5
30.Bxf3 exf3 31.Qe4 gxh4 32.g4 Rg6 33.Kh2 Rxg4  0-1

[Event "HUN-chT29899"]
[Site "HUN"]
[Date "1998.??.??"]
[Round "?"]
[White "Kincs, Imre"]
[Black "Hegedus, Gyula"]
[Result "1-0"]
[WhiteElo "2240"]
[BlackElo "2095"]

1.d4 Nf6 2.c4 e6 3.Nf3 Bb4+ 4.Bd2 Qe7 5.Qc2 O-O 6.e4 d5 7.e5 Nfd7 8.c5 Bxd2+
9.Nbxd2 Nc6 10.Bd3 h6 11.a3 Re8 12.b4 a6 13.O-O f6 14.exf6 Qxf6 15.Qb2 e5
16.Qb3 Qf7 17.Rae1 e4 18.Nxe4 Ne7 19.Ng3 c6 20.Bc2 Nf6 21.Ne5 Qf8 22.Qd3 Rd8
23.Re3 Bd7 24.Rfe1 Be8 25.h4 Kh8 26.h5 Qg8 27.Nf3 Nc8 28.Nh4 Na7 29.Re7  1-0

[Event "HUN-chT2 9798"]
[Site "HUN"]
[Date "1998.??.??"]
[Round "?"]
[White "Kincs, Imre"]
[Black "Kovacs, Istvan"]
[Result "0-1"]
[WhiteElo "2220"]
[BlackElo "2220"]

1.d4 Nf6 2.c4 e6 3.Nf3 Bb4+ 4.Bd2 Qe7 5.Nc3 d6 6.Qc2 O-O 7.a3 Bxc3 8.Bxc3 Nbd7
9.b4 e5 10.dxe5 dxe5 11.e4 b6 12.Bd3 Bb7 13.O-O Nh5 14.Rfe1 Nf4 15.Bf1 f6
16.c5 Rfd8 17.Bd2 bxc5 18.bxc5 Bc6 19.Ba5 Nf8 20.Qc4+ N4e6 21.Qa6 Qe8 22.Rac1 Kh8
23.Bb4 Rdb8 24.Re3 Bb7 25.Qa5 a6 26.Nd2 Bc6 27.Bc3 Bb5 28.Nc4 Nxc5 29.Qxc7 Nfe6
30.Qa5 Nb3 31.Nd6 Nxa5 32.Nxe8 Nb3 33.Bxb5 Rxb5 34.Rb1 Rxe8 35.a4 Rbb8 36.Bxe5 fxe5
37.Rexb3 Rxb3 38.Rxb3 Kg8 39.f3 Nc5 40.Rb4 Rd8 41.Rc4 Nd3 42.Rc6 Nb4 43.Rb6 a5
44.Rb5 Nc6 45.Rc5 Rd6 46.g3 g5 47.Kf2 Kf7 48.Ke3 Rf6 49.Rb5 Ke6 50.Rb6 Kd6
51.Rb7 h6 52.Rb5 Rxf3+ 53.Kxf3 Nd4+ 54.Kg4 Nxb5 55.Kh5 Nd4 56.Kxh6 Ne6 57.Kg6 Nc5
58.h4 gxh4 59.gxh4 Ke6 60.h5 Nxe4  0-1

[Event "HUN-chT2 9798"]
[Site "HUN"]
[Date "1998.??.??"]
[Round "?"]
[White "Kovacs, Istvan"]
[Black "Revesz, Bela"]
[Result "1/2-1/2"]
[WhiteElo "2220"]
[BlackElo "2125"]

1.d4 Nf6 2.Nf3 e6 3.c4 Bb4+ 4.Bd2 Qe7 5.a3 Bxd2+ 6.Nbxd2 d5 7.Qc2 O-O 8.Rc1 c6
9.e3 Nbd7 10.Be2 Rd8 11.O-O e5 12.dxe5 Nxe5 13.Rfd1 Bg4 14.h3 Nxf3+ 15.Bxf3 Bxf3
16.Nxf3 dxc4 17.Qxc4 Rxd1+ 18.Rxd1 Rd8 19.Rxd8+ Qxd8 20.Nd4 Qd5 21.Qa4 a6
22.Qc2 g6 23.b4 Ne4 24.Nb3 b6 25.f3 Nd6 26.e4 Qc4 27.Qd1 Nb5 28.Qd8+ Kg7
29.e5 Qxb3 30.Qf6+  1/2-1/2

[Event "HUN-chT9899"]
[Site "HUN"]
[Date "1998.??.??"]
[Round "?"]
[White "Farago, Ivan"]
[Black "Anka, Emil"]
[Result "1-0"]
[WhiteElo "2530"]
[BlackElo "2435"]

1.d4 Nf6 2.c4 e6 3.Nf3 Bb4+ 4.Bd2 Qe7 5.g3 Nc6 6.Nc3 Bxc3 7.Bxc3 Ne4 8.Rc1 O-O
9.Bg2 a5 10.O-O Nxc3 11.Rxc3 d6 12.d5 Nb4 13.a3 Na6 14.dxe6 fxe6 15.Ne1 Nc5
16.b4 axb4 17.axb4 Nd7 18.Nd3 c6 19.b5 Qf6 20.Rc2 cxb5 21.cxb5 Ne5 22.Rc7 Nxd3
23.Qxd3 Ra1 24.f4 Rxf1+ 25.Bxf1 e5 26.Qc3 Be6 27.Rxb7 Bd5 28.Rc7 Qf5 29.Qd3 Be4
30.Qxd6 exf4 31.Qe7 Qg6 32.Bh3 Bd5 33.Bf5 Qb6+ 34.e3 Qxe3+ 35.Qxe3 fxe3 36.Rc8 Bc4
37.b6 e2 38.Kf2 Ba6 39.Rxf8+ Kxf8 40.Be4  1-0

[Event "HUN-chT9899"]
[Site "HUN"]
[Date "1998.??.??"]
[Round "?"]
[White "Krizsany, Laszlo"]
[Black "Vincze, Istvan"]
[Result "1-0"]
[WhiteElo "2410"]
[BlackElo "2265"]

1.d4 Nf6 2.c4 e6 3.Nf3 Bb4+ 4.Bd2 c5 5.Bxb4 cxb4 6.Qd3 d6 7.e4 Nc6 8.d5 Ne5
9.Nxe5 dxe5 10.Nd2 O-O 11.Be2 Qd6 12.O-O Nd7 13.Rfd1 a5 14.Qe3 b6 15.h3 Nc5
16.Nb3 Nxb3 17.axb3 Bb7 18.dxe6 Qxe6 19.Bg4 Qg6 20.Bf5 Qf6 21.Rd3 Rfd8 22.Rad1 Rxd3
23.Qxd3 g6 24.Bg4 h5 25.Bf3 Bc6 26.h4 Qe7 27.Qd2 Kg7 28.g3 Ra7 29.Qe3 Qc5
30.Qxc5 bxc5 31.Rd8 Rc7 32.Kf1 a4 33.bxa4 Bxa4 34.Bd1 Bxd1 35.Rxd1 Kf6 36.Ke2 Ke6
37.Rd8 Rd7 38.Rb8 Rc7 39.Ra8 Rd7 40.Ke3 Kd6 41.f4 exf4+ 42.Kxf4 Kc6 43.Ra6+ Kb7
44.Rf6 b3 45.Ke3 Rd4 46.Rxf7+ Kc6 47.Rf6+ Kc7 48.Rf3 Rxc4 49.Kf4 Rb4 50.Ke5 Kc6
51.Re3 Rb8 52.Kf6 c4 53.e5 Rf8+ 54.Kg7 Rc8 55.e6 Kd6 56.Kf7 c3 57.Rd3+ Ke5
58.bxc3 b2 59.Rd1 Rxc3 60.e7 Rc7 61.Kf8 Rc8+ 62.e8=Q+ Rxe8+ 63.Kxe8  1-0

[Event "HUN-chT9899"]
[Site "HUN"]
[Date "1998.??.??"]
[Round "?"]
[White "Lehmann, Zoltan"]
[Black "Schneider, Attila"]
[Result "1/2-1/2"]
[WhiteElo "2345"]
[BlackElo "2375"]

1.d4 Nf6 2.Nf3 e6 3.c4 Bb4+ 4.Bd2 Bxd2+ 5.Nbxd2 d6 6.g3 Qe7 7.Bg2 O-O 8.O-O e5
9.e4 Nbd7 10.Qc2 Re8 11.h3 a5 12.Rfe1 g6 13.Rad1 Qf8 14.Nb1 exd4 15.Nxd4 Nc5
16.Nb5 Re7 17.N1c3 Qh6 18.g4 Be6 19.e5 dxe5 20.Rxe5 Nfd7 21.Re2 c6 22.Nd6 Nf6
23.Nce4 Ncxe4 24.Nxe4 Nxe4  1/2-1/2

[Event "HUN-chT9899"]
[Site "HUN"]
[Date "1998.??.??"]
[Round "?"]
[White "Lengyel, Levente"]
[Black "Anka, Emil"]
[Result "0-1"]
[WhiteElo "2320"]
[BlackElo "2435"]

1.Nf3 Nf6 2.c4 e6 3.d4 Bb4+ 4.Bd2 Qe7 5.g3 Nc6 6.Bg2 Bxd2+ 7.Nbxd2 d6 8.O-O e5
9.d5 Nb8 10.e4 a5 11.Qc2 O-O 12.Ne1 c6 13.Nd3 Na6 14.f4 cxd5 15.cxd5 exf4
16.gxf4 Bd7 17.a4 b5 18.e5 Ng4 19.Rae1 Bf5 20.Ne4 Qa7+ 21.Ndf2 Nb4 22.Nf6+ Nxf6
23.Qxf5 dxe5 24.d6 e4 25.Bxe4 Rad8 26.Rd1 bxa4 27.Qe5 Rfe8 28.Qd4 Qb8 29.Bf5 Qb5
30.Bd3 Nxd3 31.Nxd3 Ne4 32.Ne5 Nxd6 33.Rd2 Nb7 34.Qc3 Rxd2 35.Qxd2 f6 36.Nf3 Re2
37.Qc3 Qc5+ 38.Qxc5 Nxc5 39.Rc1 Nd3 40.Rc8+ Kf7  0-1

[Event "HUN-chT9899"]
[Site "HUN"]
[Date "1998.??.??"]
[Round "?"]
[White "Varga, Peter"]
[Black "Horvath, Adam"]
[Result "1/2-1/2"]
[WhiteElo "2445"]
[BlackElo "2455"]

1.d4 Nf6 2.c4 e6 3.Nf3 Bb4+ 4.Bd2 Qe7 5.g3 Nc6 6.Bg2 Bxd2+ 7.Nbxd2 d6 8.Nf1 e5
9.Ne3 Nxd4 10.Nxd4 exd4 11.Qxd4 Qe5 12.O-O-O O-O 13.Qxe5 dxe5 14.Nd5 Nxd5
15.cxd5 Bf5 16.Kd2 Rad8 17.Ke3 Rd7 18.Rc1 f6 19.Rc3 Rfd8 20.Rhc1 c6 21.dxc6 bxc6
22.Bxc6 Rd2 23.Rb3 Be6 24.Rb7 Bxa2 25.Be4 R2d7 26.Rxd7 Rxd7 27.Rc8+ Kf7 28.Bxh7 Ke7
29.Be4 Be6 30.Rb8 f5 31.Bc6 Rd6 32.Bg2 g5 33.f4 gxf4+ 34.gxf4 e4 35.h4 Bd7
36.Rb7 Rh6 37.Bh3 Kd8 38.Rxa7 Rxh4 39.Rxd7+ Kxd7 40.Bxf5+ Kd6 41.Bxe4 Rh3+
42.Bf3 Rh8 43.Kd4 Rb8 44.e4 Rxb2 45.e5+ Ke6 46.Bg4+ Ke7 47.Ke4 Rb4+ 48.Kf5 Rb5
49.Be2 Ra5 50.Bd3 Ra4 51.Bc2 Ra2 52.Bb3 Ra3 53.Bd5 Ra4 54.Kg4 Ra5 55.Bg8 Ra8
56.Bh7 Ra4 57.Kg5 Ra5 58.Bf5 Ra4 59.Bg4 Ra5 60.Kf5 Rb5 61.Be2 Ra5 62.Bd3 Ra4
63.Kg5 Ra5 64.Kg4 Ra3 65.Bh7 Ra4 66.Kg5 Ra5 67.Kg6 Rxe5 68.fxe5 Ke6  1/2-1/2

[Event "HUN-chT 9798"]
[Site "Hungary"]
[Date "1998.??.??"]
[Round "?"]
[White "Lengyel, Levente"]
[Black "Anka, Emil"]
[Result "0-1"]
[WhiteElo "2330"]
[BlackElo "2450"]

1.Nf3 Nf6 2.c4 e6 3.d4 Bb4+ 4.Bd2 Qe7 5.g3 Nc6 6.Nc3 Bxc3 7.Bxc3 Ne4 8.Qc2 Nxc3
9.Qxc3 O-O 10.Bg2 a5 11.O-O d6 12.e4 e5 13.d5 Nb8 14.b3 Bg4 15.Nd2 c5 16.a3 b6
17.b4 axb4 18.axb4 Na6 19.b5 Nb4 20.Rxa8 Rxa8 21.Ra1 Qb7 22.Nf1 Ra7 23.Ne3 Bd7
24.Bf3 Qa8 25.Rxa7 Qxa7 26.Qb2 g6 27.Bg4 Bxg4 28.Nxg4 h5 29.Ne3 Qa5 30.Qd2 Qa1+
31.Kg2 Qd4 32.Qxd4 cxd4 33.Nf1 Nd3 34.Nd2 Nc5 35.Kh3 Kg7 36.f3 f5 37.Kg2 Kf6
38.Kf2 g5 39.h4 g4  0-1

[Event "HUN-chT 9798"]
[Site "Hungary"]
[Date "1998.??.??"]
[Round "?"]
[White "Sarosi, Zoltan"]
[Black "Palkovi, Jozsef"]
[Result "1/2-1/2"]
[WhiteElo "2405"]
[BlackElo "2420"]

1.d4 Nf6 2.c4 e6 3.Nf3 Bb4+ 4.Bd2 a5 5.g3 b6 6.Bg2 Bb7 7.O-O O-O 8.Nc3 d6
9.d5 exd5 10.Nxd5 Bxd2  1/2-1/2

[Event "HUN-chT 9798"]
[Site "Hungary"]
[Date "1998.??.??"]
[Round "?"]
[White "Orso, Miklos"]
[Black "Anka, Emil"]
[Result "1/2-1/2"]
[WhiteElo "2390"]
[BlackElo "2450"]

1.d4 Nf6 2.c4 e6 3.Nf3 Bb4+ 4.Bd2 Qe7 5.Nc3 Bxc3 6.Bxc3 Ne4 7.Qc2 Nxc3 8.Qxc3 O-O
9.e4 d6 10.Bd3 c5 11.O-O Nc6 12.d5 Nb4 13.Bb1 e5 14.a3 Na6 15.Nd2 Bd7 16.Bd3 Rfc8
17.Rae1 f6 18.f4 exf4 19.Rxf4 Qe5 20.Qxe5 fxe5 21.Rf2 Rf8 22.Nf1 Rxf2 23.Kxf2 Kf7
24.Ne3 Ke7 25.Kg3 b6 26.Be2 Rf8 27.Rf1 Rxf1 28.Bxf1 Nc7 29.Be2 g6 30.Kh4 Kf6
31.Nd1 Ne8 32.Nc3 h6 33.Kg3 Ke7 34.Bg4 Nf6 35.Bxd7 Kxd7 36.Kf3 a6 37.g4 Kc7
38.h4 Kd7 39.Nd1 Kc7 40.Nc3 Kd7 41.Ne2 h5 42.g5 Ng4 43.Nc1 Kc7 44.Nd3 Nh2+
45.Ke2 Ng4 46.b4 Nh2 47.a4 Ng4 48.bxc5 bxc5 49.Nc1 Nh2 50.Nb3 Kb6 51.Kf2 Ng4+
52.Kf3 Nh2+ 53.Ke2 Ng4 54.a5+ Kc7 55.Nd2 Kd7 56.Nb1 Kc7 57.Nc3 Kb7 58.Na4 Kc8
59.Nc3 Kc7 60.Nb1 Kc8 61.Nd2 Kd7 62.Nf1 Ke7 63.Ng3 Kd7 64.Kf3 Nh2+ 65.Kg2 Ng4
66.Nf1 Ke7 67.Kf3 Kd7 68.Nd2 Nh2+ 69.Ke2 Ng4 70.Nb3 Kc7 71.Na1 Kd7 72.Nc2 Kc7
73.Ke1 Kd7 74.Kd2 Kc7 75.Na3 Nh2 76.Nb1 Nf3+ 77.Ke3 Nh2 78.Nc3 Ng4+ 79.Kd2 Nf2
80.Ke2 Ng4 81.Kf3 Nh2+ 82.Ke2 Ng4 83.Nd1 Kd7 84.Nb2 Nh2 85.Nd3 Ng4 86.Kd2 Kc7
87.Nc1 Nf2 88.Ke3 Ng4+ 89.Ke2 Nh2 90.Nd3 Ng4 91.Nb2 Nh2 92.Nd1 Ng4 93.Ne3 Nxe3
94.Kxe3 Kd7 95.Kf3 Ke7  1/2-1/2

[Event "HUN-chT 9798"]
[Site "Hungary"]
[Date "1998.??.??"]
[Round "?"]
[White "Krizsany, Laszlo"]
[Black "Anka, Emil"]
[Result "1/2-1/2"]
[WhiteElo "2435"]
[BlackElo "2450"]

1.d4 Nf6 2.c4 e6 3.Nf3 Bb4+ 4.Bd2 Qe7 5.g3 Nc6 6.Bg2 Bxd2+ 7.Nbxd2 d6 8.O-O a5
9.e4 e5 10.d5 Nb8 11.Ne1 h5 12.Nef3 Nbd7 13.Qc2 Nc5 14.Nh4 g5 15.Nf5 Bxf5
16.exf5 h4 17.b3 Qf8 18.Rfe1 Qh6 19.Nf1 hxg3 20.fxg3 g4 21.a3 a4 22.b4  1/2-1/2

[Event "HUN-chT 9798"]
[Site "Hungary"]
[Date "1998.??.??"]
[Round "?"]
[White "Krizsany, Laszlo"]
[Black "Vincze, Istvan"]
[Result "1-0"]
[WhiteElo "2435"]
[BlackElo "2300"]

1.d4 Nf6 2.c4 e6 3.Nf3 Bb4+ 4.Bd2 c5 5.Bxb4 cxb4 6.e3 d6 7.Be2 O-O 8.O-O Nc6
9.Qb3 a5 10.a3 b6 11.d5 exd5 12.cxd5 Ne7 13.axb4 Nexd5 14.bxa5 bxa5 15.Nd4 Ba6
16.Nc3 Nxc3 17.Qxc3 Bxe2 18.Nxe2 Qb6 19.Rfd1 Rfc8 20.Qd4 Rab8 21.Rdc1 Rc5
22.g3 Qxb2 23.Qxb2 Rxb2 24.Rxa5 Rxc1+ 25.Nxc1 h5 26.Nd3 Rd2 27.Ra3 h4 28.gxh4 Ng4
29.h3 Ne5 30.Ne1 Rd1 31.Kf1 Nf3 32.Ke2 Rxe1+ 33.Kxf3 Kf8 34.Ra4 Rh1 35.Kg2 Rc1
36.Rd4 Ke7 37.h5 Rc5 38.Rh4 Kf6 39.h6 gxh6 40.Rxh6+ Ke7 41.Rh4 Rg5+ 42.Rg4 Rh5
43.Kg3 f5 44.Rg6 Kd7 45.h4 Rh8 46.Rg5 Ke6 47.h5 Ke5 48.f3 d5 49.Kh4 Ra8 50.h6 Ra1
51.Kh5 Kf6 52.Rg6+ Kf7 53.Rb6 f4 54.exf4 d4 55.Kg5 Ra5+ 56.f5 Ra1 57.Rb7+ Kg8
58.f6 d3 59.f7+ Kf8 60.h7  1-0

[Event "HUN-chT 9798"]
[Site "Hungary"]
[Date "1998.??.??"]
[Round "?"]
[White "Dobos, Jozsef"]
[Black "Horvath, Sandor"]
[Result "1/2-1/2"]
[WhiteElo "2380"]
[BlackElo "2365"]

1.d4 Nf6 2.c4 e6 3.Nf3 Bb4+ 4.Bd2 Qe7 5.g3 b6 6.Bg2 Bb7 7.O-O Bxd2 8.Nbxd2 O-O
9.Qc2 c5 10.e4 cxd4 11.Nxd4 d6 12.Rad1 Nc6 13.Nxc6 Bxc6 14.Rfe1  1/2-1/2

[Event "Heart of Finland op"]
[Site "Jyvaskyla"]
[Date "1998.??.??"]
[Round "?"]
[White "Veingold, Aleksandr"]
[Black "Haapasalo, Jukka Pekka"]
[Result "1-0"]
[WhiteElo "2475"]
[BlackElo "2185"]

1.d4 Nf6 2.Nf3 e6 3.c4 Bb4+ 4.Bd2 Qe7 5.g3 O-O 6.Bg2 Nc6 7.O-O Bxd2 8.Qxd2 a5
9.Nc3 d6 10.d5 Nd8 11.e4 e5 12.Ne1 Nd7 13.f4 f6 14.Nd3 Nf7 15.Rf2 Nc5 16.Nxc5 dxc5
17.Raf1 Bd7 18.a4 Nd6 19.b3 b6 20.Qe2 Rae8 21.Re1 Qf7 22.Qf1 Qh5 23.Nd1 Qh6
24.Nb2 Nf7 25.Nd3 Re7 26.Qe2 Rfe8 27.f5 Nd6 28.Ref1 Rf8 29.Ne1 Be8 30.Nc2 Qg5
31.Ne3 h5 32.Bf3 Qh6 33.Ng2 Kh7 34.Nh4 Rh8 35.Rg2 Kg8 36.Kh1 Bf7 37.Rfg1 Kf8
38.g4 hxg4 39.Rxg4 Bh5 40.Ng6+ Bxg6 41.Rxg6 Qf4 42.R6g4 Qh6 43.h4 Rf7 44.Kg2 Qh7
45.Rh1 Rd7 46.Rg6 Nf7 47.Kf2 Qg8 48.Qe3 Rh7 49.Ke2 Qh8 50.h5 Ke7 51.Rhg1 Nh6
52.Ra1 Kd6 53.Rgg1 Rd8 54.Kd3 Nf7 55.Rg6 Ra8 56.Ra2 Nh6 57.Qf2 Rd8 58.Qh4 Qf8
59.Rag2 Rd7 60.Rg1 Rd8 61.R6g2 Rd7  1-0

[Event "Kishinev (Women)"]
[Site "Kishinev"]
[Date "1998.??.??"]
[Round "8"]
[White "Shumiakina, Tatiana"]
[Black "Peptan, Corina"]
[Result "0-1"]
[WhiteElo "2400"]
[BlackElo "2410"]

1.d4 Nf6 2.c4 e6 3.Nf3 Bb4+ 4.Bd2 Be7 5.g3 O-O 6.Bg2 d5 7.O-O Nbd7 8.Nc3 c6
9.Bf4 b6 10.Qc2 Bb7 11.Rfd1 Rc8 12.e4 dxc4 13.Qa4 a6 14.Qxc4 b5 15.Qe2 b4
16.Na4 Qa5 17.b3 Qb5 18.Qe1 Rfe8 19.Ne5 Nxe5 20.dxe5 Ng4 21.Rac1 Nxe5 22.Qe3 Ng6
23.Bf1 Qh5 24.Be2 Qh3 25.Bd6 c5 26.Nxc5 Bc6 27.Bxe7 Nxe7 28.Nxa6 f5 29.Nxb4 Bxe4
30.Rxc8 Qg2+  0-1

[Event "Korinthos op"]
[Site "Korinthos"]
[Date "1998.??.??"]
[Round "4"]
[White "Bagaturov, Giorgi"]
[Black "Gershon, Alik"]
[Result "0-1"]
[WhiteElo "2535"]
[BlackElo "2425"]

1.d4 Nf6 2.c4 e6 3.Nf3 Bb4+ 4.Bd2 Qe7 5.g3 Nc6 6.Bg2 Bxd2+ 7.Nbxd2 d6 8.O-O e5
9.d5 Nb8 10.e4 a5 11.c5 dxc5 12.Nc4 Nbd7 13.d6 Qe6 14.Rc1 c6 15.Ng5 Qg4 16.Qxg4 Nxg4
17.Bh3 Ngf6 18.f4 h6 19.Nxf7 Kxf7 20.fxe5 b5 21.e6+ Ke8 22.e5 bxc4 23.exf6 Nxf6
24.d7+ Ke7 25.dxc8=Q Rhxc8 26.Rxc4 Kd6 27.Rfc1 Rab8 28.b3 Rb5 29.Rd1+ Ke7
30.Rdc1 Kd6 31.Rd1+ Ke7 32.Bf1 Rc7 33.Ra4 c4 34.Re1 Rb4 35.Rxb4 axb4 36.Bxc4 Ra7
37.Re2 Nd5 38.Bxd5 cxd5 39.Re5 Kd6 40.Re2 Re7 41.Kf2 Rxe6 42.a4 bxa3 43.Ra2 Kc5
44.Rxa3 Kb4 45.Ra7 d4 46.Rxg7 d3 47.Rd7 Kc3 48.Rc7+ Kxb3 49.Rd7 Kc2 50.Rc7+ Kd1
51.g4 Re2+ 52.Kg3 d2 53.h4 Ke1 54.Rd7 d1=Q 55.Rxd1+ Kxd1 56.Kf4 Rf2+ 57.Ke5 Ke2  0-1

[Event "Korinthos op"]
[Site "Korinthos"]
[Date "1998.??.??"]
[Round "7"]
[White "Nikolaou, Georgios"]
[Black "Gershon, Alik"]
[Result "0-1"]
[WhiteElo "2150"]
[BlackElo "2425"]

1.d4 Nf6 2.c4 e6 3.Nf3 Bb4+ 4.Bd2 Qe7 5.g3 Nc6 6.Bg2 Bxd2+ 7.Nbxd2 d6 8.O-O e5
9.d5 Nb8 10.e4 a5 11.Ne1 O-O 12.Nd3 Ne8 13.Qe2 f5 14.Bh3 fxe4 15.Bxc8 exd3
16.Qxd3 Na6 17.Bh3 Qg5 18.Qe2 Qg6 19.b3 Nf6 20.a3 Rae8 21.Rab1 Nc5 22.b4 axb4
23.axb4 Nd3 24.Kh1 e4 25.Rb3 Ne5 26.Be6+ Kh8 27.Re3 Qh6 28.Nxe4 Nxe4 29.Rxe4 Nf3
30.h4 Nd2 31.Kg2 Ra8 32.Re3 Nxf1 33.Kxf1 Qf6 34.Kg2 Qa1 35.Qh5 g6 36.Qh6 Qf6
37.f4 Qd4 38.f5 gxf5 39.Rf3 Ra2+  0-1